Vista normal
Vista MARC
Entrada Nombre personal
Número de registros utilizados en: 1
001 - NÚMERO DE CONTROL
- Campo de control: 38963
003 - IDENTIFICADOR DE NÚMERO DE CONTROL
- Campo de control: ES-MaCES
005 - FECHA Y HORA DE LA ULTIMA MODIFICACION
- Campo de control: 20180305143304.0
008 - ELEMENTOS DE DATOS DE LONGITUD FIJA
- Campo de longitud fija: 981123 | azznnaabn || aaa d
035 ## - NÚMERO DE CONTROL DEL SISTEMA
- Número de control del sistema: CES19980011170n
040 ## - FUENTE DE LA CATALOGACIÓN
- Agencia original de catalogación: ES-MaCES
- Idioma de catalogación: spa
- Agencia de transcripción: ES-MaCES
100 1# - ENCABEZAMIENTO--NOMBRE DE PERSONA
- Nombre personal: Abenza, Luis
510 2# - TRAZADO VEÁSE ADEMÁS--NOMBRE CORPORATIVO
- Nombre corporativo o jurisdicción como elemento de entrada: Politikon (grupo)
670 ## - FUENTE DE DATOS ENCONTRADOS
- Fuente de citación: https://politikon.es/
- Información encontrada: : fundó con otros amigos en 2010 Politikon. Politikon es el proyecto común de un grupo de académicos y profesionales independientes que se reunieron en 2010 con el fin de promover debates y políticas basados en el conocimiento de las ciencias sociales
901 ## - CES. DATOS SIRTEX
- ID Sirtex (N5N8): 0001500001117
- 005BIS Sirtex: 199811231436MIG

